000 01026nam a22002777a 4500
003 OSt
005 20230202092653.0
008 221006b |||||||| |||| 00| 0 eng d
020 _a978 607 99012 2 6
040 _cBiblioteca Lado V
082 _a704.068.691
_bM636m
100 _9725
_aMijail, Johan
_eautor
245 _aManifiesto Antirracista/
_bEscrituras para una biografĂ­a inmigrante/
260 _aMexico
_bEditorial Fruta Bomba
_c2022
300 _c12x17cm
_a137p.
650 0 _2Tesauro de Arte & Arquitectura
_aTEORIA
_9702
650 _2Tesauro de Arte & Arquitectura
_aLITERATURA
650 _2Tesauro de Arte & Arquitectura
_aMIGRACION
650 _2Tesauro de Arte & Arquitectura
_aRACISMO
650 _2Tesauro de Arte & Arquitectura
_aANTIRRACISMO
700 _aGuardiola, Pablo
_e(colaborador)
700 _aLinares, Michael
_e(colaborador)
700 _aPiedra, Paula
_e(colaboradora)
700 _aPradilla, Nicolas
_e(colaborador)
942 _2ddc
_c1
_h704.068.691
_iM636m
_n0
999 _c3033
_d3033